000 00605nam a2200157Ia 4500
005 20250424120218.0
008 250424s9999 xx 000 0 und d
022 _a15966666
050 _aHD 70 .N43 A28/
245 0 _aAbuja management review: AMR: journal of the Faculty of Management Sciences
260 _bFaculty of Management Sciences, University of Abuja.
260 _c2004
300 _av. ; 25 cm.
650 _aManagement--Nigeria--Periodicals. Industrial management--Nigeria--Periodicals. Nigeria--Economic policy--Periodicals. Nigeria--Politics and government--Periodicals.
942 _cSR
999 _c38025
_d38025